000 00501nam a22001697a 4500
005 20251108172022.0
008 250721s1984 xx 000 0 ara d
082 1 4 _a364.66/هيج
100 1 _aهيجو، فيكتور
245 1 0 _aمذكرات محكوم عليه بالإعدام /
264 1 _aالقاهرة :
_bدار الهلال،
_c1984.
300 _a194ص
490 0 _aسلسلة ثقافية شهرية
650 1 7 _aعقوبة الإعدام
942 _2ddc
_cBK
999 _c68390
_d68390